Pirates Quiz - Statistics

General Stats
  • This quiz has been taken 292 times
  • The average score is 8 of 18
Answer Stats
Hint Answer % Correct
Blackbeard's real name Edward Thatch
88%
Century in which he operated 18th
80%
English queen whom Blackbeard named his ship after Anne
80%
Name given to a generic 'skull and crossbones' pirate flag Jolly Roger
76%
Country most associated with 21st century piracy Somalia
71%
Bartholemew Roberts is also known as '____ Bart' Black
68%
What unwanted captives would be made to walk Plank
67%
Jack Rackham is more commonly known as '_____ Jack' Calico
58%
Modern day country in which he settled with Henry Jennings, Sam Bellamy, and various others Bahamas
55%
Probable birth city of aforementioned Blackbeard Bristol
30%
City Blackbeard lay siege to in 1718, in hope of attaining medical supplies Charleston
27%
Name of 'Gentleman Pirate' born in Barbados in 1688 Stede Bonnet
25%
Pirate turned pirate hunter after accepting a pardon from the king, killed in a hurricane in 1719 Benjamin Hornigold
23%
Name which links North African corsairs with a species of macaque Barbary
16%
Île Sainte-Marie was a pirate haven off the coast of which country? Madagascar
14%
Site of Blackbeard's death Ocracoke Island
7%
Name given to the group of raiders thought to be the first pirates Sea Peoples
5%
Name of his ship, as of 1718 Royal James
4%
No matching quizzes found
Score Distribution
Percent of People with Each Score
Percentile by Number Answered
Your Score History
You have not taken this quiz